[Event "23rd EUR-ch"]
[Site "Vrnjacka Banja SRB"]
[Date "2023.03.04"]
[Round "2.79"]
[White "Alsina Leal, Daniel"]
[Black "Arsovic, Goran"]
[Result "1/2-1/2"]
[WhiteElo "2522"]
[BlackElo "2379"]
[EventDate "2023.03.03"]
[PlyCount "46"]

1.e4 c5 2.Nf3 d6 3.d4 cxd4 4.Nxd4 Nf6 5.Nc3 Nc6 6.Bg5 e6 7.Qd2 a6 8.O-O-O 
Bd7 9.Kb1 Be7 10.f3 Qc7 11.g4 h5 12.Nxc6 Bxc6 13.Bxf6 gxf6 14.Bh3 hxg4 15.
Bxg4 O-O-O 16.Qe2 Kb8 17.Rhe1 d5 18.exd5 Rxh2 19.Qc4 exd5 20.Qd4 Rh4 21.
Qf2 Rh2 22.Qd4 Rh4 23.Qf2 Rh2 1/2-1/2

[Event "23rd EUR-ch"]
[Site "Vrnjacka Banja SRB"]
[Date "2023.03.04"]
[Round "2.80"]
[White "Kourkoulos-Arditis, Stamatis"]
[Black "Pasti, Aron"]
[Result "1-0"]
[WhiteElo "2520"]
[BlackElo "2378"]
[EventDate "2023.03.03"]
[PlyCount "107"]

1.e4 e5 2.Nf3 Nc6 3.Bb5 a6 4.Ba4 Nf6 5.O-O Bc5 6.c3 O-O 7.d4 Ba7 8.dxe5 
Nxe4 9.Qd5 Nc5 10.Bc2 Ne7 11.Qd1 d5 12.exd6 Qxd6 13.Qxd6 cxd6 14.Bf4 Bf5 
15.Na3 Bxc2 16.Nxc2 Nd3 17.Bxd6 Rfe8 18.Ba3 Nc6 19.Nce1 Nce5 20.Nxd3 Nxd3 
21.Rad1 Rad8 22.Rd2 f6 23.g3 Kf7 24.h3 Ne1 25.Rxd8 Nxf3+ 26.Kg2 Rxd8 27.
Kxf3 Rd2 28.g4 g5 29.Re1 Rxf2+ 30.Kg3 Kg6 31.Re7 Rd2 32.Rxb7 Be3 33.Kf3 
Bf4 34.Bf8 f5 35.Rb6+ Kf7 36.Bc5 Rd3+ 37.Ke2 Rd2+ 38.Kf1 Rd1+ 39.Ke2 Rd2+ 
40.Ke1 fxg4 41.hxg4 Rg2 42.Kf1 Rc2 43.a4 a5 44.Bd4 Rc1+ 45.Ke2 Ra1 46.b3 
Ra2+ 47.Kf3 Ke7 48.Rb7+ Ke6 49.Rxh7 Kd5 50.Rb7 Rb2 51.Rb5+ Kc6 52.Be3 Bxe3
53.Kxe3 Rc2 54.Ke4 1-0

[Event "23rd EUR-ch"]
[Site "Vrnjacka Banja SRB"]
[Date "2023.03.04"]
[Round "2.81"]
[White "Barseghian, Armen Ar."]
[Black "Mastrovasilis, Athanasios"]
[Result "1/2-1/2"]
[WhiteElo "2382"]
[BlackElo "2518"]
[EventDate "2023.03.03"]
[PlyCount "81"]

1.d4 Nf6 2.c4 e6 3.Nc3 d5 4.cxd5 exd5 5.Bg5 c6 6.e3 Be7 7.Bd3 Nbd7 8.h3 
O-O 9.Qc2 Re8 10.Nf3 Nf8 11.O-O a5 12.Rae1 Ne4 13.Bxe7 Qxe7 14.Bxe4 dxe4 
15.Nd2 f5 16.f3 exf3 17.Nxf3 Be6 18.e4 fxe4 19.Nxe4 Bf5 20.Ne5 Bxe4 21.
Rxe4 Qe6 22.Rf7 Rab8 23.Rg4 Ng6 24.Rc7 Re7 25.Rxe7 Nxe7 26.Qc3 Ra8 27.a4 
Nd5 28.Qd2 Qf6 29.Nd7 Qf5 30.Nc5 b6 31.Nd3 Rf8 32.Ne5 Rf6 33.Rg3 h6 34.Kh2
Kh7 35.Rf3 Qe4 36.Rxf6 Nxf6 37.Qc3 Qf4+ 38.Kg1 c5 39.dxc5 bxc5 40.Qxc5 
Qxa4 41.Nf3 1/2-1/2

[Event "23rd EUR-ch"]
[Site "Vrnjacka Banja SRB"]
[Date "2023.03.04"]
[Round "2.82"]
[White "Garrido Outon, Alex"]
[Black "Djukic, Nikola"]
[Result "1/2-1/2"]
[WhiteElo "2380"]
[BlackElo "2514"]
[EventDate "2023.03.03"]
[PlyCount "68"]

1.e4 c5 2.Nf3 e6 3.d4 cxd4 4.Nxd4 Nc6 5.Nc3 Qc7 6.Be3 a6 7.g4 b5 8.Nxc6 
Qxc6 9.Qd2 b4 10.Ne2 Qxe4 11.Rg1 Qc4 12.Ng3 Qc7 13.O-O-O Nf6 14.Nh5 Bb7 
15.Bb6 Qc6 16.Kb1 Ne4 17.Qd4 Qd5 18.Bd3 Qxd4 19.Bxd4 Rg8 20.g5 O-O-O 21.
Bb6 Re8 22.Rg4 d5 23.Bxe4 dxe4 24.Rf4 Bd5 25.Rxf7 Re7 26.Rxe7 Bxe7 27.Rg1 
Bd6 28.Bd4 Bxh2 29.Re1 Bd6 30.Bxg7 Bc5 31.Rf1 Bc4 32.Re1 Bd5 33.Rf1 Bc4 
34.Re1 Bd5 1/2-1/2

[Event "23rd EUR-ch"]
[Site "Vrnjacka Banja SRB"]
[Date "2023.03.04"]
[Round "2.83"]
[White "Bournel, Antoine"]
[Black "Brunello, Sabino"]
[Result "0-1"]
[WhiteElo "2377"]
[BlackElo "2512"]
[EventDate "2023.03.03"]
[PlyCount "60"]

1.d4 d5 2.c4 c6 3.Nf3 Nf6 4.Nc3 e6 5.Bg5 Nbd7 6.cxd5 exd5 7.e3 Be7 8.Bd3 
Nh5 9.Bxe7 Qxe7 10.O-O Nb6 11.e4 dxe4 12.Nxe4 O-O 13.Re1 Qd8 14.Nc5 Nf4 
15.Bc2 Nbd5 16.a3 Qf6 17.Ne4 Qh6 18.Neg5 Bg4 19.h3 Bxf3 20.Nxf3 Rad8 21.
Ne5 Nxg2 22.Kxg2 Nf4+ 23.Kg1 f6 24.Ng4 Qxh3 25.Ne3 f5 26.f3 Rd6 27.Re2 
Rg6+ 28.Kf2 Qh4+ 29.Kf1 Qh1+ 30.Kf2 Nh3# 0-1

[Event "23rd EUR-ch"]
[Site "Vrnjacka Banja SRB"]
[Date "2023.03.04"]
[Round "2.84"]
[White "Secheres, Adrian-Simion"]
[Black "Beerdsen, Thomas"]
[Result "1/2-1/2"]
[WhiteElo "2369"]
[BlackElo "2510"]
[EventDate "2023.03.03"]
[PlyCount "91"]

1.d4 d5 2.c4 e5 3.dxe5 d4 4.Nf3 Nc6 5.Nbd2 Nge7 6.g3 Ng6 7.a3 Ngxe5 8.Bg2 
a5 9.b3 Be7 10.Bb2 O-O 11.O-O Be6 12.Qc2 d3 13.exd3 Qxd3 14.Qc3 Rfd8 15.
Nxe5 Nxe5 16.Ne4 Qxc3 17.Bxc3 Nd3 18.Nd2 Nc5 19.Ra2 Rd3 20.Rc1 a4 21.bxa4 
Nxa4 22.Be5 c6 23.Rb1 Nc5 24.Bf4 Bf5 25.Re1 Ne6 26.Be3 Bb4 27.a4 Rad8 28.
Re2 Rc3 29.Be4 Bh3 30.Nf1 Rxc4 31.Bg2 Bf5 32.Reb2 Rd1 33.Bf3 Rb1 34.Be2 
Rxb2 35.Rxb2 Rc2 36.Rxb4 Rxe2 37.Rxb7 h5 38.Rb8+ Kh7 39.Nd2 Re1+ 40.Kg2 
Ra1 41.Rb4 Bc2 42.Ne4 Bxa4 43.Rb7 Kg6 44.Ra7 Ra3 45.Ra5 c5 46.Bxc5 1/2-1/2

[Event "23rd EUR-ch"]
[Site "Vrnjacka Banja SRB"]
[Date "2023.03.04"]
[Round "2.85"]
[White "Aizenberg, Benny"]
[Black "Wieczorek, Oskar"]
[Result "1/2-1/2"]
[WhiteElo "2367"]
[BlackElo "2505"]
[EventDate "2023.03.03"]
[PlyCount "185"]

1.e4 e5 2.Nf3 Nc6 3.Bb5 a6 4.Ba4 Nf6 5.O-O Nxe4 6.d4 b5 7.Bb3 d5 8.dxe5 
Be6 9.c3 Be7 10.Nbd2 Nc5 11.Bc2 d4 12.Nb3 d3 13.Bb1 Nxb3 14.axb3 Bf5 15.
Be3 O-O 16.Nd4 Nxd4 17.cxd4 c5 18.Bxd3 cxd4 19.Bxf5 dxe3 20.fxe3 Qb6 21.
Rf3 Rad8 22.Qe1 Rd5 23.Qg3 Qc5 24.b4 Qxb4 25.e6 g6 26.exf7+ Kg7 27.Be6 
Qxb2 28.Bxd5 Qxa1+ 29.Rf1 Qc3 30.e4 Qxg3 31.hxg3 a5 32.Rc1 Rb8 33.e5 a4 
34.Rc7 Kf8 35.Kh2 b4 36.Ra7 b3 37.Rxa4 b2 38.Ba2 b1=Q 39.Bxb1 Rxb1 40.e6 
Rb8 41.Ra7 Bb4 42.Rd7 h5 43.Kh3 Be7 44.Ra7 g5 45.Kh2 Rd8 46.Rb7 Bc5 47.Kh3
Be7 48.Kh2 Rc8 49.Kh3 g4+ 50.Kh2 Rd8 51.Kg1 Bd6 52.Kf2 Rb8 53.Rd7 Bc5+ 54.
Ke2 Kg7 55.Rd5 Be7 56.Rxh5 Rb6 57.Re5 Rb2+ 58.Ke3 Rxg2 59.Re4 Rxg3+ 60.Kf2
Rf3+ 61.Kg2 Kf6 62.Rxg4 Rf5 63.Re4 Bd6 64.Kh3 Rf1 65.Kg2 Rf5 66.Kh3 Rh5+ 
67.Kg4 Rh8 68.Re2 Ra8 69.Re4 Rb8 70.Re2 Rb4+ 71.Kf3 Rf4+ 72.Kg2 Rg4+ 73.
Kh3 Rg3+ 74.Kh4 Rf3 75.Re4 Be7 76.Kg4 Ra3 77.Rf4+ Kg7 78.Kf5 Ra5+ 79.Ke4 
Bf8 80.Rf5 Ra6 81.Ke5 Be7 82.Rf1 Ra5+ 83.Ke4 Bd6 84.Rg1+ Kf6 85.Rf1+ Kxe6 
86.f8=R Ra4+ 87.Kd3 Ra3+ 88.Kc4 Ra4+ 89.Kb3 Rb4+ 90.Kc3 Bxf8 91.Rxf8 Ke7 
92.Rf7+ Kxf7 93.Kxb4 1/2-1/2

[Event "23rd EUR-ch"]
[Site "Vrnjacka Banja SRB"]
[Date "2023.03.04"]
[Round "2.86"]
[White "Druska, Juraj"]
[Black "Uskov, Artem"]
[Result "1/2-1/2"]
[WhiteElo "2505"]
[BlackElo "2373"]
[EventDate "2023.03.03"]
[PlyCount "49"]

1.e4 c5 2.Nf3 d6 3.d4 cxd4 4.Nxd4 Nf6 5.Nc3 a6 6.a3 e5 7.Nf5 d5 8.Bg5 d4 
9.Bxf6 Qxf6 10.Nd5 Qd8 11.Qg4 Bxf5 12.Qxf5 Nd7 13.Bd3 Bd6 14.O-O O-O 15.f4
Kh8 16.Qh3 Rc8 17.Rf2 Bb8 18.Raf1 Rc6 19.f5 Nf6 20.Nxf6 Rxf6 21.Qh4 Bc7 
22.Rf3 Rh6 23.Qg4 Qf6 24.Rh3 Bd8 25.Rh5 1/2-1/2

[Event "23rd EUR-ch"]
[Site "Vrnjacka Banja SRB"]
[Date "2023.03.04"]
[Round "2.87"]
[White "Fernandez, Daniel Howard"]
[Black "Suarez Uriel, Adrian"]
[Result "1/2-1/2"]
[WhiteElo "2498"]
[BlackElo "2370"]
[EventDate "2023.03.03"]
[PlyCount "111"]

1.Nf3 c5 2.b3 Nc6 3.Bb2 d6 4.d4 cxd4 5.Nxd4 Nxd4 6.Qxd4 Nf6 7.g3 e5 8.Qd3 
e4 9.Qd4 d5 10.Nc3 Qa5 11.f3 Bc5 12.Qa4+ Qxa4 13.Nxa4 Bb4+ 14.Bc3 Ba3 15.
Bd4 Bd7 16.Bc5 Bxc5 17.Nxc5 Bc6 18.fxe4 dxe4 19.Bg2 O-O-O 20.b4 b6 21.Nb3 
Kb8 22.O-O Bb5 23.Rf4 Bxe2 24.Bxe4 Bc4 25.Bc6 Bxb3 26.axb3 Rd6 27.b5 Rhd8 
28.Rff1 Rd2 29.c4 Re2 30.Rae1 Rdd2 31.Rxe2 Rxe2 32.g4 h6 33.h4 Re7 34.Bf3 
Re3 35.Bd1 Kc7 36.Kg2 Re7 37.Bf3 Kd6 38.b4 Rc7 39.Rc1 Nd7 40.Kf2 Ke5 41.
Ke3 g6 42.Rd1 f6 43.h5 gxh5 44.Rd5+ Ke6 45.Rxh5 Ne5 46.Bd5+ Kd6 47.Kd4 
Nxg4 48.Rh1 Rd7 49.c5+ Kc7 50.Ra1 Kb8 51.Ra6 Ne3 52.Kxe3 Rxd5 53.cxb6 axb6
54.Rxb6+ Kc7 55.Rxf6 Rxb5 56.Ke4 1/2-1/2

[Event "23rd EUR-ch"]
[Site "Vrnjacka Banja SRB"]
[Date "2023.03.04"]
[Round "2.88"]
[White "Carbonell Sancho, Marc"]
[Black "Gorshtein, Ido"]
[Result "0-1"]
[WhiteElo "2364"]
[BlackElo "2498"]
[EventDate "2023.03.03"]
[PlyCount "42"]

1.e4 c6 2.d4 d5 3.e5 Bf5 4.h4 a6 5.h5 c5 6.dxc5 Nc6 7.Bd3 Qd7 8.Nf3 Bg4 9.
Bf4 f6 10.c4 dxc4 11.Be4 Qxd1+ 12.Kxd1 O-O-O+ 13.Kc2 fxe5 14.Be3 Nd4+ 15.
Kc3 Nf6 16.Nbd2 e6 17.Kxc4 Nxe4 18.Nxe4 Nxf3 19.gxf3 Bxf3 20.Rh4 Be7 21.
Nd6+ Rxd6 0-1

[Event "23rd EUR-ch"]
[Site "Vrnjacka Banja SRB"]
[Date "2023.03.04"]
[Round "2.89"]
[White "Subelj, Jan"]
[Black "Schekachikhin, Maksim"]
[Result "1/2-1/2"]
[WhiteElo "2496"]
[BlackElo "2367"]
[EventDate "2023.03.03"]
[PlyCount "79"]

1.e4 e5 2.Nf3 Nc6 3.Bb5 a6 4.Ba4 Nge7 5.Nc3 Ng6 6.d4 exd4 7.Nxd4 Nxd4 8.
Qxd4 b5 9.Bb3 Bb7 10.Qe3 Bd6 11.O-O O-O 12.f4 Qe7 13.Kh1 Rae8 14.e5 Bc5 
15.Qg3 Qh4 16.a4 Qxg3 17.hxg3 b4 18.Nd5 d6 19.Nxc7 Rc8 20.exd6 Rfd8 21.f5 
Nf8 22.Nd5 Bxd6 23.Bg5 Bxd5 24.Bxd5 Rd7 25.Be4 Bxg3 26.Rad1 h6 27.Bc1 Rc4 
28.Bd3 Rh4+ 29.Kg1 Be5 30.Be3 a5 31.Bb5 Rc7 32.Rf2 Bh2+ 33.Kf1 Bg3 34.Rfd2
Re7 35.Re2 Re5 36.Bd3 g6 37.Bb6 Rh1+ 38.Bg1 Bh2 39.Kf2 Bxg1+ 40.Rxg1 
1/2-1/2

[Event "23rd EUR-ch"]
[Site "Vrnjacka Banja SRB"]
[Date "2023.03.04"]
[Round "2.90"]
[White "Costa, Leonardo"]
[Black "Kukhmazov, Arsen"]
[Result "1/2-1/2"]
[WhiteElo "2364"]
[BlackElo "2495"]
[EventDate "2023.03.03"]
[PlyCount "54"]

1.e4 c6 2.Nc3 d5 3.Nf3 dxe4 4.Nxe4 Nf6 5.Qe2 Nxe4 6.Qxe4 Nd7 7.d4 Nf6 8.
Qd3 g6 9.Be2 Bg7 10.O-O O-O 11.Re1 Qb6 12.Qb3 Be6 13.Qxb6 axb6 14.a3 b5 
15.c3 Rfe8 16.Ne5 Nd5 17.Bf3 Nb6 18.Nd3 Na4 19.Bd1 Bf5 20.Ne5 Be6 21.Bc2 
Kf8 22.f3 Red8 23.Kf2 c5 24.Bxa4 bxa4 25.Be3 Bb3 26.f4 Bxe5 27.fxe5 cxd4 
1/2-1/2

[Event "23rd EUR-ch"]
[Site "Vrnjacka Banja SRB"]
[Date "2023.03.04"]
[Round "2.91"]
[White "Blohberger, Felix"]
[Black "Hnydiuk, Aleksander"]
[Result "1/2-1/2"]
[WhiteElo "2493"]
[BlackElo "2364"]
[EventDate "2023.03.03"]
[PlyCount "71"]

1.Nf3 Nf6 2.g3 g6 3.Bg2 Bg7 4.O-O O-O 5.c4 c5 6.Nc3 d5 7.d3 Nc6 8.Bf4 d4 
9.Na4 Nd7 10.a3 a5 11.Rb1 e5 12.Bd2 Qc7 13.e3 b6 14.exd4 cxd4 15.b4 axb4 
16.axb4 Bb7 17.b5 Nd8 18.Bb4 Re8 19.Nd2 Bxg2 20.Kxg2 Ne6 21.Kg1 Bf8 22.
Bxf8 Rxf8 23.Ra1 Ra7 24.Qc2 Rfa8 25.Ra2 Qb7 26.h4 h6 27.Rfa1 Kg7 28.Nb3 g5
29.h5 g4 30.Qe2 Ng5 31.Qxg4 Nf6 32.Qf5 Nf3+ 33.Kf1 Ng5 34.Kg1 Nf3+ 35.Kf1 
Ng5 36.Kg1 1/2-1/2

[Event "23rd EUR-ch"]
[Site "Vrnjacka Banja SRB"]
[Date "2023.03.04"]
[Round "2.92"]
[White "Baglan, Esat"]
[Black "Reshef, Omer"]
[Result "1/2-1/2"]
[WhiteElo "2363"]
[BlackElo "2492"]
[EventDate "2023.03.03"]
[PlyCount "58"]

1.e4 e5 2.Nf3 Nf6 3.d4 Nxe4 4.Bd3 d5 5.Nxe5 Nd7 6.Nc3 Nxe5 7.dxe5 Nxc3 8.
bxc3 Bc5 9.O-O O-O 10.Qh5 g6 11.Qh6 Re8 12.Bg5 Be7 13.Bxe7 Qxe7 14.f4 Bd7 
15.Rf2 f5 16.exf6 Qxf6 17.f5 Rf8 18.fxg6 Qxf2+ 19.Kh1 Rf7 20.gxf7+ Qxf7 
21.Rf1 Qg7 22.Bxh7+ Qxh7 23.Qxh7+ Kxh7 24.Rf7+ Kg6 25.Rxd7 Re8 26.h3 Re2 
27.Rxc7 Rxc2 28.Rxb7 Rxc3 29.Rxa7 Kf5 1/2-1/2

[Event "23rd EUR-ch"]
[Site "Vrnjacka Banja SRB"]
[Date "2023.03.04"]
[Round "2.93"]
[White "Gharibian, Mamikon"]
[Black "Roebers, Eline"]
[Result "1-0"]
[WhiteElo "2491"]
[BlackElo "2362"]
[EventDate "2023.03.03"]
[PlyCount "85"]

1.d4 Nf6 2.c4 g6 3.Nc3 Bg7 4.e4 d6 5.Be2 O-O 6.Be3 Nc6 7.d5 Ne5 8.f4 Neg4 
9.Bd2 Nh6 10.h3 e6 11.dxe6 fxe6 12.g4 b5 13.cxb5 Bb7 14.Qc2 d5 15.O-O-O 
dxe4 16.Be3 Nd5 17.Nxd5 exd5 18.Bc4 Nf7 19.Ne2 Qd7 20.Kb1 Rfd8 21.Rd2 a6 
22.Rhd1 axb5 23.Bxd5 Bxd5 24.Rxd5 Qxd5 25.Rxd5 Rxd5 26.Qxe4 Rd1+ 27.Bc1 
Rad8 28.Kc2 R1d7 29.f5 gxf5 30.gxf5 Bf6 31.a3 Ne5 32.Nf4 Rd4 33.Qe2 b4 34.
axb4 Rxb4 35.Nd5 Rc4+ 36.Kb1 Rxc1+ 37.Kxc1 Bg5+ 38.Kb1 Rxd5 39.Qg2 Rd1+ 
40.Ka2 Nf7 41.h4 h6 42.hxg5 hxg5 43.Qc6 1-0

[Event "23rd EUR-ch"]
[Site "Vrnjacka Banja SRB"]
[Date "2023.03.04"]
[Round "2.94"]
[White "Gorodetzky, David"]
[Black "Sherman, Reem"]
[Result "1-0"]
[WhiteElo "2488"]
[BlackElo "2126"]
[EventDate "2023.03.03"]
[PlyCount "47"]

1.e4 e6 2.d4 d5 3.Nc3 Bb4 4.e5 c5 5.a3 Bxc3+ 6.bxc3 Ne7 7.a4 Qa5 8.Bd2 
Nbc6 9.Nf3 b6 10.c4 Nb4 11.cxd5 Nexd5 12.c3 Na6 13.Bb5+ Bd7 14.c4 Ndb4 15.
O-O Rd8 16.Bg5 O-O 17.Bxd8 Rxd8 18.Nd2 Nd3 19.Nb3 Qc3 20.Bxa6 Bc6 21.d5 
exd5 22.cxd5 Rxd5 23.Bxd3 g6 24.Qc2 1-0

[Event "23rd EUR-ch"]
[Site "Vrnjacka Banja SRB"]
[Date "2023.03.04"]
[Round "2.95"]
[White "Palczert, Matyas"]
[Black "Samunenkov, Ihor"]
[Result "1/2-1/2"]
[WhiteElo "2304"]
[BlackElo "2488"]
[EventDate "2023.03.03"]
[PlyCount "118"]

1.c4 e6 2.Nc3 d5 3.e3 Nf6 4.Nf3 c6 5.b3 Bd6 6.Bb2 O-O 7.d4 Nbd7 8.Be2 b6 
9.O-O Bb7 10.Qc2 Qe7 11.Rad1 Rad8 12.Rfe1 Rfe8 13.Bf1 c5 14.cxd5 exd5 15.
dxc5 bxc5 16.Ne2 g6 17.Ng3 a6 18.Qc1 Bb8 19.e4 d4 20.b4 Nxe4 21.Nxe4 Bxe4 
22.bxc5 Qxc5 23.Qxc5 Nxc5 24.Rxd4 Rc8 25.Ba3 Bxf3 26.Rxe8+ Rxe8 27.gxf3 
Ne6 28.Ra4 Rd8 29.Rxa6 Be5 30.Bc1 Kg7 31.Be3 Rd1 32.Kg2 Nf4+ 33.Bxf4 Bxf4 
34.Bc4 Rd2 35.Ra7 Be3 36.Rxf7+ Kh6 37.f4 Rxf2+ 38.Kg3 Rc2 39.Bb3 Rc3 40.
Kg2 Bc1 41.f5 gxf5 42.Rxf5 Kg6 43.Rb5 Ba3 44.Rb7 h6 45.Ra7 Bc5 46.Ra6+ Kg5
47.Rc6 Bb4 48.Rb6 Ba3 49.Rb5+ Rc5 50.Rb8 Rc3 51.Rg8+ Kf5 52.h4 Kf4 53.Rg6 
h5 54.Rg5 Be7 55.Rxh5 Rg3+ 56.Kf2 Rf3+ 57.Ke2 Rh3 58.Bc2 Rh2+ 59.Kd3 Rxh4 
1/2-1/2

[Event "23rd EUR-ch"]
[Site "Vrnjacka Banja SRB"]
[Date "2023.03.04"]
[Round "2.96"]
[White "Ahmadzada, Ahmad"]
[Black "Shvedova, Alexandra"]
[Result "1/2-1/2"]
[WhiteElo "2487"]
[BlackElo "2083"]
[EventDate "2023.03.03"]
[PlyCount "99"]

1.c4 Nf6 2.g3 e6 3.Nf3 d5 4.b3 b6 5.Bg2 Bb7 6.O-O Bd6 7.Bb2 Nbd7 8.e3 O-O 
9.Nc3 a6 10.Qe2 Re8 11.Ne1 Qe7 12.Rd1 Rad8 13.f4 Nf8 14.g4 Ne4 15.Nb1 Ng6 
16.d3 Nf6 17.g5 Nd7 18.Nf3 c5 19.h4 d4 20.h5 Ngf8 21.Nbd2 f6 22.Ne4 Bb8 
23.gxf6 Nxf6 24.Nxf6+ Qxf6 25.Ng5 Bxg2 26.Qxg2 h6 27.Ne4 Qf7 28.b4 Nh7 29.
bxc5 bxc5 30.Nxc5 dxe3 31.Ne4 e2 32.Qxe2 Bxf4 33.d4 Qc7 34.Qg4 Be3+ 35.Kh1
Ng5 36.Nxg5 Bxg5 37.Qe2 Qc6+ 38.Kg1 Qd6 39.Rf3 Bf6 40.Qg2 Qe7 41.Qg4 Bg5 
42.Rdf1 Qb4 43.Rb3 Qxc4 44.Rb7 Qd3 45.Rff7 Qe3+ 46.Kh2 Qd2+ 47.Kg1 Qe1+ 
48.Kg2 Qd2+ 49.Rf2 Qa5 50.Rbf7 1/2-1/2

[Event "23rd EUR-ch"]
[Site "Vrnjacka Banja SRB"]
[Date "2023.03.04"]
[Round "2.97"]
[White "Maksimovic, Branimir"]
[Black "Gokerkan, Cem Kaan"]
[Result "0-1"]
[WhiteElo "2128"]
[BlackElo "2486"]
[EventDate "2023.03.03"]
[PlyCount "66"]

1.Nf3 Nf6 2.b3 d5 3.Bb2 Bf5 4.e3 h6 5.Ne5 Nbd7 6.f4 e6 7.Be2 Nxe5 8.fxe5 
Ne4 9.O-O Bc5 10.b4 Bb6 11.d4 Qg5 12.Rf4 f6 13.exf6 gxf6 14.Bh5+ Ke7 15.
Qf3 Rhg8 16.h4 Qg3 17.Nc3 Nxc3 18.Bxc3 Qxf3 19.Bxf3 Bxc2 20.b5 f5 21.h5 a6
22.a4 axb5 23.a5 Ba7 24.Rc1 Bd3 25.Bb4+ Kd7 26.Rc3 Bc4 27.Kh2 b6 28.axb6 
Bxb6 29.g4 Ra4 30.Bc5 Bxc5 31.dxc5 Rg5 32.Kg3 Kc6 33.Rd4 Kxc5 0-1

[Event "23rd EUR-ch"]
[Site "Vrnjacka Banja SRB"]
[Date "2023.03.04"]
[Round "2.98"]
[White "Kraus, Tomas"]
[Black "Pantovic, Dragan M."]
[Result "1-0"]
[WhiteElo "2486"]
[BlackElo "2038"]
[EventDate "2023.03.03"]
[PlyCount "51"]

1.d4 Nf6 2.c4 g6 3.Nc3 Bg7 4.Nf3 O-O 5.Bg5 c5 6.d5 h6 7.Bh4 d6 8.e3 e5 9.
Nd2 Qe8 10.Be2 a6 11.Qb3 Nbd7 12.g4 e4 13.Qc2 g5 14.Bg3 Ne5 15.h3 Qe7 16.
a4 Bd7 17.Ra3 Rae8 18.Rb3 Bc8 19.Kd1 Ng6 20.Kc1 Ne5 21.Kb1 Nh7 22.Bf1 f5 
23.gxf5 Bxf5 24.Bg2 Nf6 25.h4 Nf3 26.Bxf3 1-0

[Event "23rd EUR-ch"]
[Site "Vrnjacka Banja SRB"]
[Date "2023.03.04"]
[Round "2.99"]
[White "Ciric, Pavle"]
[Black "Sadikhov, Ulvi"]
[Result "0-1"]
[WhiteElo "2037"]
[BlackElo "2485"]
[EventDate "2023.03.03"]
[PlyCount "47"]

1.e4 d6 2.d4 Nf6 3.Nc3 Nbd7 4.Nf3 e5 5.Bc4 Be7 6.O-O O-O 7.h3 c6 8.a4 a5 
9.Ba2 h6 10.Be3 Re8 11.dxe5 Nxe5 12.Nxe5 dxe5 13.Qxd8 Rxd8 14.Rad1 Re8 15.
f4 exf4 16.Rxf4 Be6 17.Bxe6 fxe6 18.Bd4 Red8 19.Bxf6 Bxf6 20.Rff1 Rd4 21.
Rxd4 Bxd4+ 22.Kh1 b5 23.Rf3 Re8 24.Nb1 0-1

[Event "23rd EUR-ch"]
[Site "Vrnjacka Banja SRB"]
[Date "2023.03.04"]
[Round "2.100"]
[White "Zanan, Evgeny"]
[Black "Cox, Tristan"]
[Result "1-0"]
[WhiteElo "2485"]
[BlackElo "1975"]
[EventDate "2023.03.03"]
[PlyCount "52"]

1.e4 c6 2.d4 d5 3.e5 c5 4.Nf3 cxd4 5.Nxd4 e6 6.c4 Nc6 7.Nxc6 bxc6 8.Nd2 
Ne7 9.Nf3 Ng6 10.Bd3 Be7 11.O-O O-O 12.Qe2 a5 13.cxd5 cxd5 14.Be3 Bd7 15.
g3 Qb8 16.Bd4 Qb7 17.h4 Rfb8 18.h5 Nf8 19.h6 g6 20.a4 Be8 21.Rfc1 Nd7 22.
Qe3 Bf8 23.Nh2 Rc8 24.Ng4 Be7 25.Rxc8 Qxc8 26.Bc3 Bd8 1-0

[Event "23rd EUR-ch"]
[Site "Vrnjacka Banja SRB"]
[Date "2023.03.04"]
[Round "2.101"]
[White "Chigaev, Maxim"]
[Black "Orian, Noga"]
[Result "1-0"]
[WhiteElo "2632"]
[BlackElo "1957"]
[EventDate "2023.03.03"]
[PlyCount "55"]

1.Nf3 d5 2.g3 Nf6 3.Bg2 e6 4.O-O Be7 5.c4 O-O 6.b3 c5 7.cxd5 exd5 8.d4 b6 
9.Bb2 Nbd7 10.Nc3 Bb7 11.Nh4 Re8 12.Rc1 Bf8 13.dxc5 Nxc5 14.Nf5 g6 15.Nd4 
Bg7 16.b4 Ncd7 17.Ncb5 Ne5 18.Nc7 Nc4 19.Rxc4 dxc4 20.Nxe8 Bxg2 21.Nxf6+ 
Bxf6 22.Kxg2 Qd5+ 23.Kg1 c3 24.Bxc3 Qc4 25.Qd2 Rc8 26.Ba1 h5 27.Nb3 Rd8 
28.Qf4 1-0

[Event "23rd EUR-ch"]
[Site "Vrnjacka Banja SRB"]
[Date "2023.03.04"]
[Round "2.102"]
[White "Sahakian, Aleks"]
[Black "Esipenko, Andrei"]
[Result "0-1"]
[WhiteElo "2343"]
[BlackElo "2680"]
[EventDate "2023.03.03"]
[PlyCount "108"]

1.d4 Nf6 2.c4 e6 3.Nf3 d5 4.Nc3 c6 5.e3 Nbd7 6.Be2 Bd6 7.O-O O-O 8.b3 b6 
9.Bb2 Bb7 10.Qc2 Rc8 11.Rad1 Re8 12.Rfe1 Qe7 13.Bf1 Ba3 14.Bxa3 Qxa3 15.
Qc1 Qd6 16.e4 Nxe4 17.Nxe4 dxe4 18.Rxe4 c5 19.dxc5 Qxc5 20.Ree1 Nf6 21.Qe3
Bxf3 22.Qxf3 a5 23.Qe3 Red8 24.Rd3 Kf8 25.Qg3 Rxd3 26.Qxd3 Ke7 27.Rd1 g6 
28.g3 h5 29.Bg2 h4 30.Qd4 hxg3 31.hxg3 Qxd4 32.Rxd4 Ne8 33.f4 Nd6 34.Bf1 
Rg8 35.Kf2 g5 36.a3 Nf5 37.Rd3 Nd6 38.Rd4 f5 39.Bg2 g4 40.Ke3 Rc8 41.Kd3 
b5 42.a4 bxc4+ 43.bxc4 Rc5 44.Bh1 Nc8 45.Kc3 Nb6 46.Kb3 Nd7 47.Rd2 Rc8 48.
Rh2 Nc5+ 49.Kc3 Rb8 50.Rh7+ Kd6 51.Ra7 Rb3+ 52.Kc2 Rxg3 53.Rxa5 Rg1 54.Ba8
Rf1 0-1

[Event "23rd EUR-ch"]
[Site "Vrnjacka Banja SRB"]
[Date "2023.03.04"]
[Round "2.103"]
[White "Manafov, Vugar"]
[Black "Ivanchuk, Vasyl"]
[Result "1/2-1/2"]
[WhiteElo "2349"]
[BlackElo "2664"]
[EventDate "2023.03.03"]
[PlyCount "63"]

1.d4 d5 2.c4 e6 3.Nc3 Be7 4.cxd5 exd5 5.Bf4 c6 6.e3 Bf5 7.Bd3 Bxd3 8.Qxd3 
Bd6 9.Nge2 Ne7 10.O-O O-O 11.a3 Bxf4 12.Nxf4 Nd7 13.b4 a6 14.a4 Ng6 15.
Nxg6 hxg6 16.b5 axb5 17.axb5 Nb6 18.bxc6 bxc6 19.Ra6 Qc7 20.Rfa1 Rxa6 21.
Qxa6 Ra8 22.Qf1 Qb7 23.Qb1 Rxa1 24.Qxa1 Nc4 25.h4 Nd6 26.Qb1 Qxb1+ 27.Nxb1
Kf8 28.Kf1 Ke7 29.Ke2 Nf5 30.g3 Kd6 31.Nd2 c5 32.dxc5+ 1/2-1/2

[Event "23rd EUR-ch"]
[Site "Vrnjacka Banja SRB"]
[Date "2023.03.04"]
[Round "2.104"]
[White "Kollars, Dmitrij"]
[Black "Gorodetzky, Matan"]
[Result "0-1"]
[WhiteElo "2618"]
[BlackElo "2319"]
[EventDate "2023.03.03"]
[PlyCount "70"]

1.c4 e6 2.Nf3 d5 3.g3 Nf6 4.Bg2 c5 5.cxd5 exd5 6.d4 Nc6 7.O-O Be7 8.dxc5 
Bxc5 9.a3 Ne4 10.Nfd2 f5 11.Nc3 Be6 12.Nb3 Bb6 13.Na4 d4 14.Qc2 Qe7 15.
Nxb6 axb6 16.Qd3 Rd8 17.Qb5 O-O 18.Nd2 Qc5 19.Qd3 Nf6 20.Nf3 Bc4 21.Qc2 
Rfe8 22.b4 Qb5 23.Bg5 Bxe2 24.Bxf6 gxf6 25.Rfb1 d3 26.Qd2 Bxf3 27.Bxf3 Nd4
28.Bh5 f4 29.Qa2+ Kh8 30.Bxe8 Qxe8 31.f3 d2 32.Rf1 Qe2 33.Rf2 d1=Q+ 34.
Rxd1 Qxd1+ 35.Kg2 Nf5 0-1

[Event "23rd EUR-ch"]
[Site "Vrnjacka Banja SRB"]
[Date "2023.03.04"]
[Round "2.105"]
[White "Skvortsov, Andrei"]
[Black "Ter-Sahakyan, Samvel"]
[Result "0-1"]
[WhiteElo "2298"]
[BlackElo "2616"]
[EventDate "2023.03.03"]
[PlyCount "50"]

1.e4 c5 2.d4 cxd4 3.Qxd4 Nc6 4.Qd3 Nf6 5.Nc3 e6 6.Bf4 a6 7.O-O-O b5 8.e5 
Qc7 9.Qf3 Ng8 10.Ne4 Bb7 11.Nd6+ Bxd6 12.exd6 Qa5 13.Kb1 Nf6 14.Bd2 b4 15.
a3 Qa4 16.Qf4 e5 17.Qc4 Rc8 18.Nf3 Na5 19.Qxc8+ Bxc8 20.Bxb4 Bb7 21.Nxe5 
Be4 22.Nd3 O-O 23.f3 Bxd3 24.Bxd3 Rb8 25.c3 Nb3 0-1

[Event "23rd EUR-ch"]
[Site "Vrnjacka Banja SRB"]
[Date "2023.03.04"]
[Round "2.106"]
[White "Shohat, Yotam"]
[Black "Bartel, Mateusz"]
[Result "1-0"]
[WhiteElo "2302"]
[BlackElo "2609"]
[EventDate "2023.03.03"]
[PlyCount "43"]

1.e4 e6 2.d4 d5 3.Nc3 Bb4 4.e5 c5 5.a3 Bxc3+ 6.bxc3 Nc6 7.Qg4 g6 8.h4 h6 
9.a4 Qa5 10.Bd2 Bd7 11.Nf3 c4 12.Be2 O-O-O 13.O-O f5 14.Qxg6 Nge7 15.Qg3 
Rdg8 16.Qh3 Be8 17.h5 Rg4 18.Rfd1 Rhg8 19.Ne1 Nxd4 20.Bxg4 fxg4 21.cxd4 
Qxd2 22.Qa3 1-0

[Event "23rd EUR-ch"]
[Site "Vrnjacka Banja SRB"]
[Date "2023.03.04"]
[Round "2.107"]
[White "Ivic, Velimir"]
[Black "Danielian, Vahe"]
[Result "0-1"]
[WhiteElo "2606"]
[BlackElo "2307"]
[EventDate "2023.03.03"]
[PlyCount "44"]

1.e4 c5 2.Nf3 e6 3.d4 cxd4 4.Nxd4 Nf6 5.Nc3 Nc6 6.Nxc6 bxc6 7.e5 Nd5 8.Ne4
Qc7 9.f4 Rb8 10.c4 Bb4+ 11.Ke2 O-O 12.cxd5 cxd5 13.Nd6 f6 14.Nxc8 fxe5 15.
a3 Ba5 16.b4 Rfxc8 17.Bb2 Qc4+ 18.Qd3 Qxf4 19.Kd1 Bc7 20.Be2 a5 21.b5 Bd6 
22.a4 Qb4 0-1